Die Rückfallshäufigkeit nach einem außergerichtlichen Tatausgleich bei Erwachsenen

Gespeichert in:  
Bibliographische Detailangaben
1. VerfasserIn: Schütz, Hannes (Verfasst von)
Medienart: Druck Aufsatz
Sprache:Deutsch
Veröffentlicht: 1999
In: Strafrechtliche Probleme der Gegenwart
Jahr: 1999, Seiten: 239-264
Verfügbarkeit prüfen: HBZ Gateway
Schlagwörter:

MARC

LEADER 00000caa a22000002c 4500
001 152592544X
003 DE-627
005 20220604104954.0
007 tu
008 160223s1999 xx ||||| 00| ||ger c
035 |a (DE-627)152592544X 
035 |a (DE-576)455925445 
035 |a (DE-599)BSZ455925445 
040 |a DE-627  |b ger  |c DE-627  |e rakwb 
041 |a ger 
100 1 |a Schütz, Hannes  |4 aut 
109 |a Schütz, Hannes 
245 1 4 |a Die Rückfallshäufigkeit nach einem außergerichtlichen Tatausgleich bei Erwachsenen  |c Hannes Schütz 
264 1 |c 1999 
336 |a Text  |b txt  |2 rdacontent 
337 |a ohne Hilfsmittel zu benutzen  |b n  |2 rdamedia 
338 |a Band  |b nc  |2 rdacarrier 
773 0 8 |i In  |t Strafrechtliche Probleme der Gegenwart  |d Wien : Bundesministerium für Justiz, 1999  |g (1999), Seite 239-264  |h 286 S.  |w (DE-627)1151840904  |w (DE-576)08184090X  |7 nnam 
773 1 8 |g year:1999  |g pages:239-264 
935 |a mkri 
951 |a AR 
ELC |b 1 
LOK |0 000 xxxxxcx a22 zn 4500 
LOK |0 001 2899404385 
LOK |0 003 DE-627 
LOK |0 004 152592544X 
LOK |0 005 20260114134948 
LOK |0 008 160208||||||||||||||||ger||||||| 
LOK |0 040   |a DE-21-110  |c DE-627  |d DE-21-110 
LOK |0 689   |a s  |a Diversion 
LOK |0 689   |a s  |a Rückfälligkeit 
LOK |0 689   |a g  |a Österreich 
LOK |0 852   |a DE-21-110 
LOK |0 852 1  |m p  |9 00 
LOK |0 935   |a k110 
LOK |0 938   |k p 
LOK |0 939   |a 08-02-16  |b l01 
ORI |a SA-MARC-krimdoka001.raw